Villes "sur Seine" - Statistiques

Statistiques générales
  • Ce quiz a été pris 33 fois
  • Le résultat moyen est 9 sur 72
Statistiques - réponses
Département Ville % Correct
92 Neuilly-sur-Seine
78%
92 Asnières-sur-Seine
63%
94 Ivry-sur-Seine
63%
94 Vitry-sur-Seine
63%
08 Nogent-sur-Seine
53%
93 Saint-Ouen-sur-Seine
38%
93 Epinay-sur-Seine
34%
08 Bar-sur-Seine
31%
21 Châtillon-sur-Seine
28%
77 Le-Mée-sur-Seine
28%
08 Romilly-sur-Seine
28%
77 Villiers-sur-Seine
28%
94 Ablon-sur-Seine
22%
78 Carrières-sur-Seine
22%
95 Herblay-sur-Seine
19%
77 Vernou-la-Celle-sur-Seine
19%
91 Vigneux-sur-Seine
19%
78 Rosny-sur-Seine
16%
77 Seine-Port
16%
78 Vaux-sur-Seine
16%
78 Verneuil-sur-Seine
16%
08 Pont-sur-Seine
13%
21 Source-Seine
13%
78 Triel-sur-Seine
13%
77 Bray-sur-Seine
9%
77 Champagne-sur-Seine
9%
51 Conflans-sur-Seine
9%
78 Croissy-sur-Seine
9%
77 Livry-sur-Seine
9%
08 Méry-sur-Seine
9%
78 Mézières-sur-Seine
9%
91 Morsang-sur-Seine
9%
08 Neuville-sur-Seine
9%
21 Saint-Marc-sur-Seine
9%
78 Bonnières-sur-Seine
6%
27 Courcelles-sur-Seine
6%
78 Flins-sur-Seine
6%
77 Grisy-sur-Seine
6%
51 Marcilly-sur-Seine
6%
08 Marnay-sur-Seine
6%
76 Port-Jérome-sur-Seine
6%
77 Samois-sur-Seine
6%
78 Villennes-sur-Seine
6%
21 Aisey-sur-Seine
3%
76 Berville-sur-Seine
3%
77 Châtenay-sur-Seine
3%
08 Gyé-sur-Seine
3%
77 Marolles-sur-Seine
3%
78 Mézy-sur-Seine
3%
78 Mousseaux-sur-Seine
3%
77 Mouy-sur-Seine
3%
08 Mussy-sur-Seine
3%
21 Nod-sur-Seine
3%
21 Quemigny-sur-Seine
3%
27 Quilleboeuf-sur-Seine
3%
08 Saint-Benoît-sur-Seine
3%
21 Sainte-Colombe-sur-Seine
3%
91 Saintry-sur-Seine
3%
91 Soisy-sur-Seine
3%
77 Varennes-sur-Seine
3%
77 Vulaines-sur-Seine
3%
76 Arelaune-sur-Seine
0%
27 Barneville-sur-Seine
0%
21 Bellenod-sur-Seine
0%
21 Charrey-sur-Seine
0%
27 Criqueboeuf-sur-Seine
0%
76 Hautot-sur-Seine
0%
08 Melz-sur-Seine
0%
21 Noiron-sur-Seine
0%
77 Noyen-sur-Seine
0%
76 Oissel-sur-Seine
0%
76 Rives-en-Seine
0%
Aucun quiz correspondant
Distribution des résultats
% des personnes avec chaque résultat
Percentile par nombre de réponses
Votre historique - résultats
Vous n’avez pas pris ce quiz